La CIA et la fabrique du terrorisme islamiste / (Record no. 96892)

MARC details
000 -LEADER
campo de control de longitud fija 01771cam a2200481Ma 4500
001 - NÚMERO DE CONTROL
campo de control 86604
005 - FECHA Y HORA DE LA ÚLTIMA TRANSACCIÓN
campo de control 20230410143149.0
008 - DATOS DE LONGITUD FIJA--INFORMACIÓN GENERAL
campo de control de longitud fija 080410s2007 fr 001 0 fre d
035 ## - NÚMERO DE CONTROL DEL SISTEMA
Número de control de sistema (OCoLC)ocn237962244
040 ## - FUENTE DE CATALOGACIÓN
Centro catalogador/agencia de origen LVB
Lengua de catalogación fre
Centro/agencia transcriptor LVB
Centro/agencia modificador BDF
020 ## - NÚMERO INTERNACIONAL ESTÁNDAR DEL LIBRO
Número Internacional Estándar del Libro 9782354570286
020 ## - NÚMERO INTERNACIONAL ESTÁNDAR DEL LIBRO
Número Internacional Estándar del Libro 2354570287
029 1# - OTRO NÚMERO DE CONTROL DE SISTEMA (OCLC)
Identificador de la biblioteca OCLC ZWZ
Número de control de sistema 122286715
035 ## - NÚMERO DE CONTROL DEL SISTEMA
Número de control de sistema (OCoLC)237962244
041 1# - CÓDIGO DE IDIOMA
Código de lengua del texto/banda sonora o título independiente fre
Código de lengua original eng
055 #4 - NÚMEROS DE CLASIFICACIÓN ASIGNADOS EN CANADÁ
Número de clasificación E 840 M263 2007 F
082 0# - NÚMERO DE LA CLASIFICACIÓN DECIMAL DEWEY
Número de clasificación 320.557'M263c
Número de edición 22
049 ## - FONDOS LOCALES (OCLC)
Biblioteca depositaria GRAL
050 14 - SIGNATURA TOPOGRÁFICA DE LA BIBLIOTECA DEL CONGRESO
Número de clasificación bM263 2007
100 1# - ENTRADA PRINCIPAL--NOMBRE DE PERSONA
Nombre de persona Mamdani, Mahmood,
Fechas asociadas al nombre 1946-
240 10 - TÍTULO UNIFORME
Título uniforme Good Muslim, bad Muslim.
Lenguaje de la obra Franðcais
245 13 - MENCIÓN DEL TÍTULO
Título La CIA et la fabrique du terrorisme islamiste /
Mención de responsabilidad, etc. Mahmood Mamdani ; traduit de l'anglais (Etats-Unis) par Ousmane Kane.
260 ## - PUBLICACIÓN, DISTRIBUCIÓN, ETC.
Lugar de publicación, distribución, etc. Paris :
Nombre del editor, distribuidor, etc. Demopolis,
Fecha de publicación, distribución, etc. 2007.
300 ## - DESCRIPCIÓN FÍSICA
Extensión 330 p. ;
Dimensiones 22 cm.
500 ## - NOTA GENERAL
Nota general Traduction de: Good Muslim, bad Muslim.
504 ## - NOTA DE BIBLIOGRAFÍA, ETC.
Nota de bibliografía, etc. Bibliogr.
650 #6 - PUNTO DE ACCESO ADICIONAL DE MATERIA--TÉRMINO DE MATERIA
Término de materia o nombre geográfico como elemento de entrada Islamisme
Subdivisión general Histoire
Subdivisión cronológica 20e siáecle.
650 #6 - PUNTO DE ACCESO ADICIONAL DE MATERIA--TÉRMINO DE MATERIA
Término de materia o nombre geográfico como elemento de entrada Terrorisme
Subdivisión general Aspect politique
-- Histoire
Subdivisión cronológica 20e siáecle.
650 #6 - PUNTO DE ACCESO ADICIONAL DE MATERIA--TÉRMINO DE MATERIA
Término de materia o nombre geográfico como elemento de entrada Guerre froide.
650 #6 - PUNTO DE ACCESO ADICIONAL DE MATERIA--TÉRMINO DE MATERIA
Término de materia o nombre geográfico como elemento de entrada Drogues
Subdivisión general Trafic
-- Aspect politique
-- Histoire
Subdivisión cronológica 20e siáecle.
650 #6 - PUNTO DE ACCESO ADICIONAL DE MATERIA--TÉRMINO DE MATERIA
Término de materia o nombre geográfico como elemento de entrada Attentats du 11 septembre 2001, âEtats-Unis
Subdivisión general Causes.
651 #6 - PUNTO DE ACCESO ADICIONAL DE MATERIA--NOMBRE GEOGRÁFICO
Nombre geográfico Etats-Unis
Subdivisión general Relations extérieures
Subdivisión cronológica 1945-1989.
651 #6 - PUNTO DE ACCESO ADICIONAL DE MATERIA--NOMBRE GEOGRÁFICO
Nombre geográfico Etats-Unis
Subdivisión general Relations extérieures
Subdivisión geográfica Afghåaniståan.
651 #6 - PUNTO DE ACCESO ADICIONAL DE MATERIA--NOMBRE GEOGRÁFICO
Nombre geográfico Afghåaniståan
Subdivisión general Relations extâerieures
Subdivisión geográfica Etats-Unis.
651 #6 - PUNTO DE ACCESO ADICIONAL DE MATERIA--NOMBRE GEOGRÁFICO
Nombre geográfico Etats-Unis
Subdivisión general Relations
Subdivisión geográfica Pays en voie de développement.
651 #6 - PUNTO DE ACCESO ADICIONAL DE MATERIA--NOMBRE GEOGRÁFICO
Nombre geográfico Pays en voie de développement
Subdivisión general Relations
Subdivisión geográfica Etats-Unis.
610 27 - PUNTO DE ACCESO ADICIONAL DE MATERIA--NOMBRE DE ENTIDAD CORPORATIVA
Nombre de entidad corporativa o nombre de jurisdicción como elemento de entrada Etats-Unis.
Unidad subordinada Central intelligence agency
Subdivisión general Influence.
Fuente del encabezamiento o término ram
650 #7 - PUNTO DE ACCESO ADICIONAL DE MATERIA--TÉRMINO DE MATERIA
Término de materia o nombre geográfico como elemento de entrada Guerre
Subdivisión general Aspect religieux
-- Islam.
Fuente del encabezamiento o término ram
650 #7 - PUNTO DE ACCESO ADICIONAL DE MATERIA--TÉRMINO DE MATERIA
Término de materia o nombre geográfico como elemento de entrada Terrorisme
Subdivisión general Aspect religieux
-- Islam.
Fuente del encabezamiento o término ram
942 ## - ELEMENTOS DE ENTRADA SECUNDARIOS (KOHA)
Fuente del sistema de clasificación o colocación Clasificación de Library of Congress
Tipo de ítem Koha
994 ## -
-- C0
-- DRFGD
946 ## - PROCESAMIENTO DE INFORMACIÓN LOCAL (OCLC)
a cc
Holdings
Estatus retirado Estado de pérdida Fuente del sistema de clasificación o colocación Estado de daño No para préstamo Colección Biblioteca de origen Biblioteca actual Ubicación en estantería Fecha de adquisición Signatura topográfica completa Código de barras Visto por última vez Copia número Tipo de ítem Koha
    Clasificación de Library of Congress     Automatización y Procesos Técnicos Biblioteca Juan Bosch Biblioteca Juan Bosch Automatización y Procesos Técnicos (1er. Piso) 10/04/2023 M263 2007 00000060511 21/01/2019 1